Electronic devices and circuit theory (Record no. 69819)

000 -LEADER
fixed length control field 00481nam a22001817a 4500
003 - CONTROL NUMBER IDENTIFIER
control field NUST - PNEC
005 - DATE AND TIME OF LATEST TRANSACTION
control field 20170116181128.0
008 - FIXED-LENGTH DATA ELEMENTS--GENERAL INFORMATION
fixed length control field 151006b xxu||||| |||| 00| 0 eng d
020 ## - INTERNATIONAL STANDARD BOOK NUMBER
International Standard Book Number 0132503247
040 ## - CATALOGING SOURCE
Transcribing agency LIBRARY
082 ## - DEWEY DECIMAL CLASSIFICATION NUMBER
Classification number 621.3815 BOY
100 ## - MAIN ENTRY--PERSONAL NAME
9 (RLIN) 13769
Personal name Boylestad, Robert L.
245 ## - TITLE STATEMENT
Title Electronic devices and circuit theory
Statement of responsibility, etc. Boylestad Robert
250 ## - EDITION STATEMENT
Edition statement Third Edition
260 ## - PUBLICATION, DISTRIBUTION, ETC.
Place of publication, distribution, etc. c.1982
650 ## - SUBJECT ADDED ENTRY--TOPICAL TERM
9 (RLIN) 13770
Topical term or geographic name entry element Electronic circuits
General subdivision EL
942 ## - ADDED ENTRY ELEMENTS (KOHA)
Source of classification or shelving scheme
Koha item type Book
Holdings
Withdrawn status Lost status Source of classification or shelving scheme Damaged status Not for loan Permanent Location Current Location Shelving location Date acquired Total Checkouts Full call number Barcode Date last seen Price effective from Koha item type
          Pakistan Navy Engineering College (PNEC) Pakistan Navy Engineering College (PNEC)       621.3815 BOY PNECLIB-011674 10/06/2015   Book
© 2023 Central Library, National University of Sciences and Technology. All Rights Reserved.